Barometer daňovej konkurencieschopnosti 2005

Porovnanie daňových systémov v krajinách OECD. Zdaňovanie fyzických osôb. Zdanenie dividend. Režim zdanenia kapitálových výnosov z predaja akcií. Zdanenie výnosov z nehnuteľností. Dedičstvo. Majetková daň. Povinné sociálne príspevky.

Saved in:
Bibliographic Details
Main Author: Chrenko, Peter
Format: Book Chapter
Language:Slovak
Subjects:
Tags: Add Tag
No Tags, Be the first to tag this record!

MARC

LEADER 00000naa$a2200000$$$4500
001 0039120
005 20231006121210.2
041 0 |a slo 
044 |a SK 
245 1 0 |a Barometer daňovej konkurencieschopnosti 2005  |c Peter Chrenko 
520 |a Porovnanie daňových systémov v krajinách OECD. Zdaňovanie fyzických osôb. Zdanenie dividend. Režim zdanenia kapitálových výnosov z predaja akcií. Zdanenie výnosov z nehnuteľností. Dedičstvo. Majetková daň. Povinné sociálne príspevky. 
610 2 0 |a dane z príjmov 
610 2 0 |a zdaňovanie 
610 2 0 |a sadzby daňové 
610 2 0 |a dividendy 
610 2 0 |a výnosy 
610 2 0 |a nehnuteľnosti 
610 2 0 |a dane majetkové 
610 2 0 |a politika daňová 
610 2 0 |a politika sociálna 
610 2 0 |a príspevky sociálne 
610 2 0 |a osoby fyzické 
610 2 0 |a OECD 
100 1 |a Chrenko, Peter